[Event "CAN-op"]
[Site "Scarborough CAN"]
[Date "1992.07.25"]
[Round "9"]
[White "Angelov, Georgi"]
[Black "Nickoloff, Bryon"]
[Result "0-1"]
[WhiteElo "2106"]
[BlackElo "2417"]
[PlyCount "88"]
[EventDate "1992.07.18"]
[EventType "swiss"]
[EventRounds "10"]
[EventCountry "CAN"]

1. e4 e5 2. Nf3 Nc6 3. Bb5 a6 4. Ba4 Nf6 5. O-O b5 6. Bb3 Bb7 7. d4 Nxd4 8.
Nxd4 exd4 9. e5 Ne4 10. c3 d3 11. Qxd3 Nc5 12. Qg3 Nxb3 13. axb3 Qe7 14. Na3
Qe6 15. c4 Bxa3 16. Rxa3 O-O 17. Bd2 Rfe8 18. cxb5 axb5 19. Rxa8 Bxa8 20. h3
Qd5 21. Bh6 Qxe5 22. Qxe5 Rxe5 23. Bf4 Re2 24. Bxc7 f6 25. Rd1 Bc6 26. Bd6 Rxb2
27. b4 Kf7 28. Bc5 h5 29. h4 Rc2 30. Rd4 Ke6 31. Kh2 Rc4 32. Rd6+ Ke5 33. Kh3
Bd5 34. f3 Rxc5 35. bxc5 b4 36. Kg3 b3 37. Rb6 Kd4 38. Kf4 Be6 39. c6 dxc6 40.
Rxc6 b2 41. Rb6 Kc3 42. Ke3 Bb3 43. Rc6+ Kb4 44. Rb6+ Kc4 0-1

[Event "CAN-op"]
[Site "Scarborough CAN"]
[Date "1992.07.26"]
[Round "10"]
[White "Nickoloff, Bryon"]
[Black "Southam, David"]
[Result "1-0"]
[WhiteElo "2417"]
[BlackElo "2224"]
[PlyCount "80"]
[EventDate "1992.07.18"]
[EventType "swiss"]
[EventRounds "10"]
[EventCountry "CAN"]

1. d4 f5 2. Bg5 d5 3. c4 c6 4. cxd5 cxd5 5. Nc3 h6 6. Bf4 Nf6 7. Nf3 e6 8. e3
Nc6 9. Bb5 Bd7 10. Bxc6 Bxc6 11. Ne5 Bd6 12. Ng6 Rg8 13. Bxd6 Qxd6 14. Ne5 g6
15. Qb3 Rg7 16. Ne2 Nd7 17. Nxd7 Qxd7 18. a4 Kf7 19. Nf4 Kg8 20. O-O Kh7 21.
Rfc1 Qd6 22. Rc3 Rc8 23. Qc2 Re8 24. Nd3 a5 25. Ne5 Rc8 26. Rc1 Rgc7 27. Rc5
Kg7 28. Qc3 Ra8 29. Rxa5 Rcc8 30. Rxa8 Rxa8 31. b3 Rc8 32. Qb2 Qb4 33. Nd3 Qf8
34. Rc3 Re8 35. Qc2 g5 36. h3 h5 37. b4 h4 38. b5 Bd7 39. Ne5 Re7 40. Rc7 Be8
1-0

[Event "CAN-ch"]
[Site "Kingston CAN"]
[Date "1992.05.??"]
[Round "4"]
[White "Nickoloff, Bryon"]
[Black "Basanta, Gary"]
[Result "0-1"]
[WhiteElo "2430"]
[BlackElo "2315"]
[PlyCount "86"]
[EventDate "1992.??.??"]
[EventType "tourn"]
[EventRounds "11"]
[EventCountry "CAN"]

1. d4 Nf6 2. c4 c5 3. d5 b5 4. cxb5 a6 5. e3 axb5 6. Bxb5 Qa5+ 7. Nc3 Bb7 8.
Nge2 Bxd5 9. O-O Bc6 10. Qd3 Bxb5 11. Nxb5 Nc6 12. a4 d5 13. e4 dxe4 14. Qg3 e5
15. Nec3 Be7 16. Qxg7 Rg8 17. Qh6 Nd4 18. Nxd4 cxd4 19. Nxe4 Qd5 20. Ng3 Rg6
21. Qh3 Bc5 22. Qf5 Kf8 23. Bg5 Ne8 24. f4 d3+ 25. Kh1 Ng7 26. Qe4 Qxe4 27.
Nxe4 Bd4 28. fxe5 Bxb2 29. Rab1 Bxe5 30. Rb7 f5 31. g4 Rxa4 32. gxf5 Rxe4 33.
fxg6+ Kg8 34. Rb8+ Bxb8 35. gxh7+ Kxh7 36. Rd1 Ne6 37. Bf6 Nc5 38. Kg2 Kg6 39.
Bd8 Re2+ 40. Kf3 Re6 41. Ba5 Be5 42. Re1 Kf5 43. Bb4 Bd4 0-1

[Event "Chicago op"]
[Site "Chicago USA"]
[Date "1992.??.??"]
[Round "4"]
[White "Nickoloff, Bryon"]
[Black "Chow, Richard"]
[Result "1/2-1/2"]
[WhiteElo "2430"]
[BlackElo "2320"]
[PlyCount "96"]
[EventDate "1992.??.??"]
[EventType "swiss"]
[EventRounds "9"]
[EventCountry "USA"]

1. d4 Nf6 2. c4 e6 3. Nf3 b6 4. Nc3 Bb7 5. g3 Ne4 6. Nxe4 Bxe4 7. Bg2 Bb4+ 8.
Kf1 Be7 9. d5 O-O 10. Nd4 Bxg2+ 11. Kxg2 c5 12. Nb5 a6 13. Nc3 d6 14. dxe6 fxe6
15. e4 Bf6 16. Bf4 Bd4 17. Ne2 Nc6 18. Nxd4 Nxd4 19. Be3 e5 20. Bxd4 cxd4 21.
Rf1 g5 22. Qg4 Kh8 23. h4 gxh4 24. Rh1 Qf6 25. Raf1 Rf7 26. Rxh4 Rg8 27. Qh5
Rc8 28. b3 b5 29. f4 bxc4 30. bxc4 Rxc4 31. Rb1 Rc2+ 32. Kh3 Rc8 33. f5 Rg7 34.
Qh6 Qd8 35. Rg4 Rxg4 36. Kxg4 Rc7 37. Kh3 Rf7 38. Qe6 Qf8 39. Rb8 Qxb8 40. Qxf7
d3 41. f6 Qg8 42. Qe7 h5 43. f7 Qg4+ 44. Kh2 Qe2+ 45. Kh3 Qg4+ 46. Kh2 Qe2+ 47.
Kh3 Qg4+ 48. Kh2 Qe2+ 1/2-1/2

[Event "Chicago op"]
[Site "Chicago USA"]
[Date "1992.??.??"]
[Round "5"]
[White "Lonoff, Marc"]
[Black "Nickoloff, Bryon"]
[Result "1/2-1/2"]
[WhiteElo "2335"]
[BlackElo "2430"]
[PlyCount "33"]
[EventDate "1992.??.??"]
[EventType "swiss"]
[EventRounds "9"]
[EventCountry "USA"]

1. c4 g6 2. g3 Bg7 3. Bg2 c5 4. Nc3 Nc6 5. a3 a6 6. Rb1 Rb8 7. b4 cxb4 8. axb4
b5 9. cxb5 axb5 10. e3 e6 11. d4 d5 12. Nge2 Nge7 13. O-O O-O 14. Qb3 Nf5 15.
Rd1 Qb6 16. Nf4 Rd8 17. Bf1 1/2-1/2

[Event "Ontario-ch"]
[Site "CAN"]
[Date "1992.??.??"]
[Round "2"]
[White "Bailey, Doug"]
[Black "Nickoloff, Bryon"]
[Result "1/2-1/2"]
[WhiteElo "2330"]
[BlackElo "2437"]
[PlyCount "136"]
[EventDate "1992.??.??"]
[EventType "tourn"]
[EventRounds "9"]
[EventCountry "CAN"]
[Source "ChessBase"]
[SourceDate "1997.11.17"]

1. e4 e5 2. Nf3 Nc6 3. Bb5 a6 4. Ba4 Nf6 5. O-O b5 6. Bb3 Bb7 7. Re1 Bc5 8. c3
d6 9. d3 Bb6 10. Be3 Bxe3 11. Rxe3 O-O 12. Nbd2 d5 13. Bxd5 Nxd5 14. exd5 Qxd5
15. Qb3 Qxb3 16. Nxb3 f6 17. d4 exd4 18. Nfxd4 Nxd4 19. Nxd4 Bd5 20. a4 c5 21.
Nf5 Bb3 22. Re7 Bc2 23. Ne3 Bd3 24. Nd5 bxa4 25. Rc7 Rab8 26. Rxa4 Rxb2 27. h4
Rf7 28. Rxc5 Rb8 29. c4 Ra7 30. Nb4 Be4 31. Rxa6 Rd7 32. Nd5 Bxd5 33. cxd5 Rb1+
34. Kh2 Rd1 35. Raa5 Kf7 36. Kg3 h5 37. Kf3 Rd4 38. g3 Kg6 39. d6 Rd3+ 40. Kg2
R3xd6 41. Rxh5 Rd2 42. Rh8 Kf7 43. Raa8 Rb7 44. Rhf8+ Kg6 45. Ra4 Rbd7 46. Raa8
Rb7 47. Ra4 Rbd7 48. Rh8 Kf7 49. h5 Rd8 50. Ra7+ R2d7 51. Rxd7+ Rxd7 52. h6 Kg6
53. hxg7 Kxg7 54. Rh5 Kg6 55. Ra5 Rd3 56. Kh3 Rf3 57. Ra2 Kg5 58. Re2 Kh5 59.
Kg2 Rb3 60. Re3 Rb4 61. Ra3 Rb2 62. Kf3 Kg5 63. Ra5+ Kg6 64. g4 Rb3+ 65. Kf4
Rb4+ 66. Kg3 Rb3+ 67. f3 Rc3 68. Rf5 Ra3 1/2-1/2

[Event "Thanksgiving op"]
[Site "Scarborough CAN"]
[Date "1991.10.06"]
[Round "2"]
[White "Livshits, Ron"]
[Black "Nickoloff, Bryon"]
[Result "1/2-1/2"]
[WhiteElo "2390"]
[BlackElo "2420"]
[PlyCount "71"]
[EventDate "1991.10.06"]
[EventType "swiss"]
[EventRounds "5"]
[EventCountry "CAN"]

1. e4 e5 2. Nf3 Nc6 3. Bb5 Nf6 4. O-O Nxe4 5. Re1 Nd6 6. Bxc6 dxc6 7. Nxe5 Be7
8. d4 Nf5 9. c3 O-O 10. Nd3 Nh4 11. Nd2 Bf5 12. Ne4 Re8 13. Bf4 Ng6 14. Bg3 b6
15. Qf3 Qd7 16. Ne5 Nxe5 17. dxe5 Rad8 18. h3 Bg6 19. Re3 Qe6 20. Qe2 c5 21. b3
Qc6 22. Rf1 Rd7 23. f4 Bf5 24. Bf2 Red8 25. Be1 h5 26. g4 hxg4 27. hxg4 Qg6 28.
g5 c4 29. bxc4 Bxe4 30. Rxe4 Bc5+ 31. Kg2 Qf5 32. e6 fxe6 33. Re5 Qg6 34. Rxe6
Qf5 35. Re5 Qg6 36. Re6 1/2-1/2

[Event "Olympiad"]
[Site "Novi Sad YUG"]
[Date "1990.11.19"]
[Round "3"]
[White "Greenfeld, Alonso"]
[Black "Nickoloff, Bryon"]
[Result "1/2-1/2"]
[WhiteElo "2510"]
[BlackElo "2430"]
[PlyCount "36"]
[EventDate "1990.11.17"]
[EventType "team"]
[EventRounds "14"]
[EventCountry "YUG"]

1. d4 Nf6 2. c4 e6 3. Nf3 Bb4+ 4. Nbd2 b6 5. a3 Bxd2+ 6. Bxd2 Bb7 7. Bg5 d6 8.
e3 Nbd7 9. Bd3 h6 10. Bh4 Qe7 11. O-O g5 12. Bg3 h5 13. Nxg5 h4 14. Bf4 e5 15.
Qa4 c5 16. Rfe1 O-O-O 17. Qxa7 Kc7 18. Qa4 Rhe8 1/2-1/2

[Event "Olympiad"]
[Site "Novi Sad YUG"]
[Date "1990.11.20"]
[Round "4"]
[White "Mateus, Manuel"]
[Black "Nickoloff, Bryon"]
[Result "0-1"]
[WhiteElo "2250"]
[BlackElo "2430"]
[PlyCount "56"]
[EventDate "1990.11.17"]
[EventType "team"]
[EventRounds "14"]
[EventCountry "YUG"]

1. d4 Nf6 2. c4 e6 3. Nf3 Bb4+ 4. Nbd2 b6 5. e3 Bb7 6. Be2 O-O 7. O-O d5 8.
cxd5 exd5 9. a3 Bd6 10. b4 Qe7 11. Bb2 Nbd7 12. Qb3 a6 13. Rfc1 c6 14. Nf1 Ne4
15. Ng3 f5 16. Bc3 Rf6 17. Rc2 Raf8 18. Rac1 Kh8 19. Ba1 Re6 20. Bf1 Ng5 21.
Nxg5 Qxg5 22. Rxc6 Bxc6 23. Rxc6 f4 24. exf4 Qxf4 25. Rc2 Nf6 26. Rc3 Qh4 27.
Be2 Rfe8 28. Qb2 Ng4 0-1

[Event "Olympiad"]
[Site "Novi Sad YUG"]
[Date "1990.11.21"]
[Round "5"]
[White "Nickoloff, Bryon"]
[Black "Wedberg, Tom"]
[Result "1/2-1/2"]
[WhiteElo "2430"]
[BlackElo "2480"]
[PlyCount "36"]
[EventDate "1990.11.17"]
[EventType "team"]
[EventRounds "14"]
[EventCountry "YUG"]

1. d4 Nf6 2. c4 e6 3. Nc3 d5 4. Bg5 Be7 5. Nf3 h6 6. Bh4 O-O 7. Rc1 dxc4 8. e3
c5 9. Bxc4 cxd4 10. Nxd4 Bd7 11. O-O Nc6 12. Nf3 Nh5 13. Bxe7 Qxe7 14. Ne4 Rfd8
15. Qd6 Be8 16. Qxe7 Nxe7 17. Nd4 Nf4 18. Rfd1 Nc6 1/2-1/2

[Event "Olympiad"]
[Site "Novi Sad YUG"]
[Date "1990.11.25"]
[Round "8"]
[White "Nickoloff, Bryon"]
[Black "Ardiansyah"]
[Result "1/2-1/2"]
[WhiteElo "2430"]
[BlackElo "2450"]
[PlyCount "84"]
[EventDate "1990.11.17"]
[EventType "team"]
[EventRounds "14"]
[EventCountry "YUG"]

1. d4 d5 2. c4 dxc4 3. e3 Nf6 4. Bxc4 a6 5. Nf3 e6 6. O-O Nbd7 7. Qe2 b5 8. Bb3
Bb7 9. Rd1 Bd6 10. Nbd2 O-O 11. e4 e5 12. dxe5 Nxe5 13. Nxe5 Bxe5 14. Nf1 Qe7
15. f4 Bd6 16. e5 Bc5+ 17. Be3 Ne4 18. Bd5 Bxd5 19. Rxd5 c6 20. Bxc5 Nxc5 21.
Rd6 Ne6 22. f5 Nf4 23. Qe4 Qg5 24. Ng3 Rad8 25. Rad1 Nd5 26. Rxd8 Rxd8 27. Ne2
g6 28. Ng3 Re8 29. Re1 Qd2 30. e6 Re7 31. Qe5 f6 32. Qe2 Qd4+ 33. Kh1 Kg7 34.
Qc2 Nb4 35. Qe2 Nd3 36. Rf1 Nxb2 37. Qf3 Nd3 38. Ne4 c5 39. h4 Ne5 40. Qf4 Nd3
41. Qf3 Ne5 42. Qf4 Nd3 1/2-1/2

[Event "Olympiad"]
[Site "Novi Sad YUG"]
[Date "1990.11.26"]
[Round "9"]
[White "Nickoloff, Bryon"]
[Black "Sheikh Harandi, Khosro"]
[Result "1-0"]
[WhiteElo "2430"]
[BlackElo "2425"]
[PlyCount "123"]
[EventDate "1990.11.17"]
[EventType "team"]
[EventRounds "14"]
[EventCountry "YUG"]

1. d4 Nf6 2. c4 e6 3. Nc3 Bb4 4. Qc2 c5 5. dxc5 Na6 6. a3 Bxc3+ 7. Qxc3 Nxc5 8.
b4 Nce4 9. Qd4 d5 10. cxd5 Qxd5 11. Bb2 O-O 12. f3 Qxd4 13. Bxd4 Rd8 14. Bb2
Nd6 15. e4 Nde8 16. Ne2 Bd7 17. Nc3 Nc7 18. Bd3 e5 19. Kf2 Be6 20. Ke3 Nfe8 21.
Na4 f6 22. Nc5 Nd6 23. Rac1 Rac8 24. Nxe6 Nxe6 25. g3 g5 26. a4 a5 27. Ba3 axb4
28. Bxb4 Ra8 29. a5 Kg7 30. h4 h6 31. hxg5 hxg5 32. Rb1 Nf7 33. Rhc1 Rdc8 34.
Bd2 Nd6 35. Rxc8 Rxc8 36. a6 Nd8 37. Rb6 Ne8 38. axb7 Rb8 39. Bb5 Nc7 40. Bc4
Kg6 41. Bc3 Rxb7 42. Rd6 Rb8 43. Bxe5 Ne8 44. Rxf6+ Nxf6 45. Bxb8 Nc6 46. Bd6
Nh5 47. Bb5 Nd8 48. Be8+ Kh6 49. Bxh5 Kxh5 50. Kd4 Kg6 51. Ke5 Nc6+ 52. Kd5 Nd8
53. Be7 Nf7 54. Ke6 Nh6 55. f4 gxf4 56. gxf4 Kg7 57. Bg5 Nf7 58. Ke7 Kg8 59. e5
Nh8 60. f5 Nf7 61. Bf4 Nh8 62. e6 1-0

[Event "Olympiad"]
[Site "Novi Sad YUG"]
[Date "1990.11.29"]
[Round "11"]
[White "Castro Rojas, Oscar Humberto"]
[Black "Nickoloff, Bryon"]
[Result "1-0"]
[WhiteElo "2320"]
[BlackElo "2430"]
[PlyCount "79"]
[EventDate "1990.11.17"]
[EventType "team"]
[EventRounds "14"]
[EventCountry "YUG"]

1. e4 c5 2. Nc3 Nc6 3. g3 g6 4. Bg2 Bg7 5. d3 d6 6. Be3 Rb8 7. f4 b5 8. Qd2 b4
9. Nd1 Qb6 10. Nf3 f5 11. O-O Nf6 12. exf5 gxf5 13. Kh1 O-O 14. Bg1 e6 15. Ne3
Bb7 16. Rae1 Qc7 17. h3 Nh5 18. Kh2 Bxb2 19. Nd1 Bf6 20. Rxe6 Ng7 21. Re2 Qf7
22. c4 bxc3 23. Nxc3 Nd4 24. Bxd4 cxd4 25. Nd1 Qg6 26. Nf2 Nh5 27. Nh1 Kh8 28.
Re6 Rg8 29. Qf2 Rg7 30. Rxd6 Qf7 31. Rb1 Qc7 32. Re6 Rbg8 33. Ne1 Bc8 34. Rc6
Qf7 35. Rb8 Be6 36. Rxg8+ Rxg8 37. Qb2 Nxg3 38. Nxg3 Bh4 39. Qxd4+ Rg7 40. Nh5
1-0

[Event "Olympiad"]
[Site "Novi Sad YUG"]
[Date "1990.12.03"]
[Round "14"]
[White "Nickoloff, Bryon"]
[Black "Mirza, Shahzad"]
[Result "1-0"]
[WhiteElo "2430"]
[BlackElo "2275"]
[PlyCount "67"]
[EventDate "1990.11.17"]
[EventType "team"]
[EventRounds "14"]
[EventCountry "YUG"]

1. d4 Nf6 2. c4 e6 3. Nf3 b6 4. g3 Bb7 5. Bg2 c5 6. d5 exd5 7. Nh4 Nc6 8. cxd5
Nb4 9. Nc3 g6 10. a3 Na6 11. Qd3 d6 12. O-O Bg7 13. Qb5+ Qd7 14. Bf4 Qxb5 15.
Nxb5 Bxd5 16. Nxd6+ Kf8 17. e4 Bc6 18. b4 g5 19. Bxg5 Ne8 20. Rad1 cxb4 21.
axb4 Nxb4 22. Ndf5 f6 23. Bd2 Nd3 24. Bc3 Nc5 25. Rfe1 Kf7 26. Nxg7 Nxg7 27.
Rd6 Rhc8 28. Rxf6+ Kg8 29. Nf5 Nxf5 30. Rxf5 Rc7 31. Bf1 Bd7 32. Bc4+ Be6 33.
Rxc5 Rxc5 34. Bxe6+ 1-0

[Event "Croatia int."]
[Site "Mississauga CAN"]
[Date "1990.??.??"]
[Round "3"]
[White "Piasetski, Leon"]
[Black "Nickoloff, Bryon"]
[Result "1/2-1/2"]
[WhiteElo "2415"]
[BlackElo "2435"]
[PlyCount "122"]
[EventDate "1990.04.19"]
[EventType "tourn"]
[EventRounds "11"]
[EventCountry "CAN"]

1. c4 Nf6 2. Nc3 c5 3. g3 e6 4. Nf3 b6 5. Bg2 Bb7 6. O-O Nc6 7. e4 d6 8. d4
Nxd4 9. Nxd4 cxd4 10. Qxd4 Be7 11. b3 O-O 12. Ba3 Qb8 13. Rad1 Rd8 14. Rd2 Bc6
15. Rfd1 a6 16. Qe3 Ra7 17. h3 Ne8 18. f4 Rc8 19. Kh2 Rac7 20. Bf1 b5 21. cxb5
axb5 22. Bb4 Bf6 23. Ne2 h6 24. Bg2 e5 25. Rxd6 Nxd6 26. Bxd6 Qa7 27. Qxa7 Rxa7
28. fxe5 Rxa2 29. Nc3 Rc2 30. Rd3 b4 31. Bxb4 Bxe5 32. Nd5 Bxd5 33. exd5 Ra8
34. Kg1 Ra1+ 35. Bf1 Rcc1 36. Rf3 Rd1 37. Kg2 Ra2+ 38. Rf2 Rxf2+ 39. Kxf2 Rxd5
40. Bc4 Rd8 41. Kf3 g6 42. g4 Kg7 43. Ke4 Bf6 44. Bc5 Be7 45. Bxe7 Re8 46. Kd5
Rxe7 47. b4 Re1 48. b5 Rb1 49. Kc6 f5 50. gxf5 gxf5 51. b6 f4 52. b7 f3 53. Kc7
Kf6 54. b8=Q Rxb8 55. Kxb8 Kg5 56. Kc7 Kh4 57. Bf1 Kg3 58. Kd6 Kf2 59. Ba6 Kg3
60. Ke5 Kxh3 61. Kf4 Kg2 1/2-1/2

[Event "Croatia int."]
[Site "Mississauga CAN"]
[Date "1990.??.??"]
[Round "4"]
[White "Nickoloff, Bryon"]
[Black "Marovic, Drazen"]
[Result "1/2-1/2"]
[WhiteElo "2435"]
[BlackElo "2470"]
[PlyCount "85"]
[EventDate "1990.04.19"]
[EventType "tourn"]
[EventRounds "11"]
[EventCountry "CAN"]

1. d4 Nf6 2. c4 c5 3. d5 g6 4. Nc3 Bg7 5. e4 d6 6. Nf3 O-O 7. Bf4 e6 8. dxe6
Bxe6 9. Bxd6 Re8 10. Be2 Nc6 11. O-O Nd4 12. e5 Nd7 13. Nxd4 cxd4 14. Qxd4 Nxe5
15. Bxe5 Qxd4 16. Bxd4 Bxd4 17. Rac1 Red8 18. b3 Bxc3 19. Rxc3 Rd2 20. Bf3 Rxa2
21. Bxb7 Rb8 22. Bf3 Ra3 23. Bd1 a5 24. Re3 Rb4 25. h4 Kg7 26. Kh2 a4 27. bxa4
Rxe3 28. fxe3 Rxc4 29. Rf4 Rc3 30. a5 Bc8 31. Ra4 Ba6 32. e4 h6 33. Rd4 Rc5 34.
Rd7 Bc4 35. Ra7 Kf6 36. Ra8 Ke5 37. a6 Ra5 38. a7 Be6 39. Bf3 Kf4 40. Rh8 Rxa7
41. Rxh6 Ra8 42. Rh7 Rf8 43. Rh6 1/2-1/2

[Event "Croatia int."]
[Site "Mississauga CAN"]
[Date "1990.??.??"]
[Round "7"]
[White "Vranesic, Zvonko"]
[Black "Nickoloff, Bryon"]
[Result "0-1"]
[WhiteElo "2335"]
[BlackElo "2435"]
[PlyCount "110"]
[EventDate "1990.04.19"]
[EventType "tourn"]
[EventRounds "11"]
[EventCountry "CAN"]

1. d4 Nf6 2. Nf3 g6 3. Bg5 Bg7 4. e3 d6 5. Be2 h6 6. Bh4 g5 7. Bg3 Nh5 8. Nfd2
Nxg3 9. hxg3 Nd7 10. Nf3 Nf6 11. Nbd2 c6 12. c3 Bf5 13. Qb3 Qc7 14. c4 Qb6 15.
Rc1 c5 16. Qa3 a5 17. Bd1 Nd7 18. Bc2 Bxc2 19. Rxc2 cxd4 20. Nxd4 Bxd4 21. exd4
Qxd4 22. O-O O-O 23. Nf3 Qf6 24. Re1 Nc5 25. Qe3 Rfe8 26. Rd2 Rad8 27. Nd4 b6
28. Nb5 Rd7 29. Rde2 e6 30. Rd1 Red8 31. Red2 d5 32. Rd4 dxc4 33. Rxd7 Rxd7 34.
Rxd7 Nxd7 35. Qe2 Nc5 36. Nd6 c3 37. bxc3 Qxc3 38. Kh2 Qd3 39. Qe5 Qd5 40. Qxd5
exd5 41. Nc8 d4 42. Nxb6 d3 43. Nc4 Ne4 44. Nb2 Nc3 45. Nxd3 Nxa2 46. Nb2 Nc3
47. Nc4 a4 48. Na3 Kf8 49. Kg1 Ke7 50. Kf1 Kd6 51. Ke1 Kc5 52. Kd2 Ne4+ 53. Ke3
Kb4 54. Nc2+ Kc3 55. Na3 Nd6 0-1

[Event "Croatia int."]
[Site "Mississauga CAN"]
[Date "1990.??.??"]
[Round "9"]
[White "Kovacevic, Vlatko"]
[Black "Nickoloff, Bryon"]
[Result "1-0"]
[WhiteElo "2540"]
[BlackElo "2435"]
[PlyCount "45"]
[EventDate "1990.04.19"]
[EventType "tourn"]
[EventRounds "11"]
[EventCountry "CAN"]

1. d4 e6 2. Nf3 c5 3. e3 Nf6 4. Bd3 d5 5. b3 Be7 6. O-O b6 7. Bb2 Bb7 8. Ne5
O-O 9. Nd2 Nbd7 10. Qf3 Rc8 11. Qh3 Ne4 12. f3 Ng5 13. Qg3 f6 14. Nxd7 Qxd7 15.
Rad1 b5 16. dxc5 Bxc5 17. f4 Bd6 18. Qg4 Ne4 19. Nxe4 dxe4 20. Bxb5 Qxb5 21.
Qxe6+ Kh8 22. Qxd6 Qe2 23. Rf2 1-0

[Event "Croatia int."]
[Site "Mississauga CAN"]
[Date "1990.??.??"]
[Round "11"]
[White "Tukmakov, Vladimir"]
[Black "Nickoloff, Bryon"]
[Result "1/2-1/2"]
[WhiteElo "2570"]
[BlackElo "2435"]
[PlyCount "82"]
[EventDate "1990.04.19"]
[EventType "tourn"]
[EventRounds "11"]
[EventCountry "CAN"]

1. d4 e6 2. c4 Nf6 3. g3 Bb4+ 4. Bd2 c5 5. Bg2 O-O 6. Nf3 Nc6 7. O-O d6 8. Bc3
Re8 9. a3 Bxc3 10. Nxc3 h6 11. e3 Rb8 12. dxc5 dxc5 13. Nd2 Qc7 14. Qc2 a6 15.
Rfd1 Bd7 16. Nde4 Nxe4 17. Nxe4 b6 18. Nd6 Red8 19. Rd2 Ne7 20. Rad1 Bc6 21.
Bxc6 Nxc6 22. Qc3 f6 23. f4 Rd7 24. b4 Rbd8 25. bxc5 bxc5 26. Ne4 Rxd2 27. Rxd2
Rxd2 28. Qxd2 Na5 29. Kf2 Kf8 30. Qc3 Ke7 31. g4 Nb7 32. h4 Nd6 33. Qd3 Qc6 34.
Nxd6 Qxd6 35. Qc2 Kd7 36. Kg3 Kc6 37. Qg6 Qd7 38. g5 hxg5 39. Qe4+ Kb6 40. hxg5
Ka5 41. Qc2 f5 1/2-1/2

[Event "CAN-ch playoff"]
[Site "Scarborough CAN"]
[Date "1990.04.14"]
[Round "2"]
[White "Piasetski, Leon"]
[Black "Nickoloff, Bryon"]
[Result "1/2-1/2"]
[WhiteElo "2475"]
[BlackElo "2480"]
[PlyCount "136"]
[EventDate "1990.04.13"]
[EventType "match"]
[EventRounds "4"]
[EventCountry "CAN"]

1. c4 c5 2. Nf3 Nf6 3. d4 cxd4 4. Nxd4 e5 5. Nb5 d5 6. cxd5 Bc5 7. e3 O-O 8.
N5c3 e4 9. Nd2 Re8 10. a3 Bf5 11. b4 Bf8 12. Nc4 Nbd7 13. Bb2 a6 14. Qd4 b5 15.
Na5 Ne5 16. O-O-O Qc7 17. h3 Rad8 18. Kb1 Bd6 19. Be2 Bg6 20. Rd2 Nd3 21. Bxd3
Be5 22. Qc5 Qxc5 23. bxc5 exd3 24. d6 Rc8 25. Nb3 Bf5 26. Rc1 Be6 27. f4 Bxb3
28. fxe5 Rxe5 29. Rxd3 Rexc5 30. d7 Rd8 31. Rd6 Be6 32. Rxa6 Nxd7 33. Rd1 Rcc8
34. Nd5 Kf8 35. Bc3 Nb8 36. Bb4+ Ke8 37. Rd6 Rxd6 38. Bxd6 Na6 39. e4 Rd8 40.
Be5 f5 41. Bxg7 fxe4 42. Nf6+ Ke7 43. Rxd8 Kxd8 44. Nxh7 b4 45. Ng5 Bc4 46. Kb2
bxa3+ 47. Kxa3 e3 48. h4 Nc7 49. Kb4 Ba2 50. Kc3 Ne6 51. Bf6+ Ke8 52. Nf3 Bd5
53. Be5 Be4 54. Ne1 Bf5 55. g3 Kf7 56. Ng2 e2 57. Kd2 Bg4 58. Ne3 Bf3 59. Nc2
Kg6 60. Ke3 Bg4 61. Bc3 Kf5 62. Be1 Bh5 63. Nb4 Kg4 64. Nd5 Kf5 65. Nc3 Ng7 66.
Nxe2 Kg4 67. Ke4 Bg6+ 68. Ke5 Nh5 1/2-1/2

[Event "CAN-ch playoff"]
[Site "Scarborough CAN"]
[Date "1990.04.15"]
[Round "3"]
[White "Nickoloff, Bryon"]
[Black "Piasetski, Leon"]
[Result "0-1"]
[WhiteElo "2480"]
[BlackElo "2475"]
[PlyCount "77"]
[EventDate "1990.04.13"]
[EventType "match"]
[EventRounds "4"]
[EventCountry "CAN"]

1. d4 f5 2. c4 e6 3. g3 Nf6 4. Bg2 c6 5. Nf3 d5 6. O-O Bd6 7. b3 Qe7 8. a4 a5
9. Ba3 Bxa3 10. Nxa3 O-O 11. Qc1 b6 12. Qb2 Bb7 13. Ne5 Na6 14. cxd5 exd5 15.
Rac1 Rac8 16. Rfd1 Rc7 17. Nb1 Nb4 18. Nc3 Ng4 19. Nxg4 fxg4 20. Qd2 Qd6 21.
Rf1 Re7 22. f3 gxf3 23. Rxf3 Rfe8 24. Rcf1 Ba6 25. R1f2 Qh6 26. Rf4 Qg6 27. Rf5
Bc8 28. R5f3 h6 29. Rf4 Ba6 30. Bh3 Bc8 31. Bg2 Ba6 32. Bh3 Qc2 33. Qxc2 Nxc2
34. e4 Nxd4 35. exd5 c5 36. Bf1 Bxf1 37. Rxf1 Re3 38. Nd1 Ne2+ 39. Kh1 0-1

[Event "Guelph"]
[Site "Guelph CAN"]
[Date "1990.??.??"]
[Round "?"]
[White "Jung, Hans"]
[Black "Nickoloff, Bryon"]
[Result "1-0"]
[WhiteElo "1857"]
[BlackElo "2410"]
[PlyCount "57"]
[EventDate "1990.??.??"]
[EventType "swiss"]
[EventCountry "CAN"]

1. e4 c5 2. Nf3 d6 3. h3 Nc6 4. c3 Nf6 5. Bd3 e5 6. O-O Be7 7. Bc2 Qc7 8. Na3
a6 9. Nc4 b5 10. Ne3 c4 11. a4 Bb7 12. Qe2 Na5 13. axb5 axb5 14. Nf5 O-O 15. d3
Rfe8 16. Nxe7+ Qxe7 17. Nh4 d5 18. dxc4 bxc4 19. exd5 Bxd5 20. Bg5 h6 21. Nf5
Qe6 22. Bh4 Nb3 23. Rxa8 Bxa8 24. Rd1 e4 25. Nd6 Rb8 26. Bg3 Rf8 27. Nxc4 Nc5
28. Bd6 Rc8 29. Nb6 1-0

[Event "Scarborough CC Fall Active"]
[Site "Scarborough CAN"]
[Date "1990.??.??"]
[Round "?"]
[White "Teodoro, Eduardo"]
[Black "Nickoloff, Bryon"]
[Result "1-0"]
[WhiteElo "2352"]
[BlackElo "2469"]
[PlyCount "39"]
[EventDate "1990.??.??"]
[EventType "swiss (rapid)"]
[EventRounds "6"]
[EventCountry "CAN"]
[SourceDate "2011.01.01"]

1. e4 e5 2. Nf3 Nc6 3. Bb5 Nf6 4. O-O Nxe4 5. Re1 Nd6 6. Nxe5 Nxe5 7. Rxe5+ Be7
8. Nc3 Nxb5 9. Nd5 Nd4 10. Rxe7+ Qxe7 11. Nxe7 Kxe7 12. c3 Ne6 13. d4 d5 14. b3
Rd8 15. Ba3+ Kf6 16. Qf3+ Kg6 17. Qg3+ Kf6 18. Qe5+ Kg6 19. Be7 Rd7 20. g4 1-0

[Event "CAN-ch"]
[Site "Windsor CAN"]
[Date "1989.06.??"]
[Round "3"]
[White "Huda, Rehan"]
[Black "Nickoloff, Bryon"]
[Result "1-0"]
[WhiteElo "2345"]
[BlackElo "2420"]
[PlyCount "63"]
[EventDate "1989.06.10"]
[EventType "tourn"]
[EventRounds "15"]
[EventCountry "CAN"]

1. d4 Nf6 2. c4 c5 3. Nf3 cxd4 4. Nxd4 e6 5. Nc3 Bb4 6. g3 O-O 7. Bg2 d5 8.
cxd5 Nxd5 9. Bd2 Nxc3 10. bxc3 Bc5 11. Nb3 Be7 12. O-O Qc7 13. Qc2 e5 14. c4
Bd7 15. Ba5 Qc8 16. Be4 f5 17. Bd5+ Be6 18. Qb2 Bxd5 19. cxd5 Bd6 20. Rac1 Qd7
21. Nd2 b5 22. Nf3 Re8 23. Bc3 Qb7 24. Nxe5 Qxd5 25. Rfd1 Qe6 26. Nf3 Bf8 27.
Qxb5 a6 28. Qb7 Qc6 29. Qb3+ Qe6 30. Qxe6+ Rxe6 31. Rd8 a5 32. Be5 1-0

[Event "CAN-ch"]
[Site "Windsor CAN"]
[Date "1989.06.??"]
[Round "13"]
[White "Frialde, Arniel"]
[Black "Nickoloff, Bryon"]
[Result "0-1"]
[WhiteElo "2282"]
[BlackElo "2420"]
[PlyCount "78"]
[EventDate "1989.06.10"]
[EventType "tourn"]
[EventRounds "15"]
[EventCountry "CAN"]

1. Nf3 Nf6 2. d4 g6 3. Bf4 Bg7 4. e3 O-O 5. Be2 d6 6. h3 c5 7. c3 b6 8. O-O Bb7
9. Nbd2 Nbd7 10. a4 a6 11. Bh2 Qc7 12. Ne1 Rfb8 13. f4 b5 14. a5 Nd5 15. Nc2
cxd4 16. exd4 b4 17. c4 Ne3 18. Nxe3 Bxd4 19. Kh1 Bxe3 20. Nf3 Nf6 21. Qe1 Qc5
22. Rd1 Ne4 23. Bg1 Bxg1 24. Nxg1 Re8 25. f5 Qxa5 26. Nf3 Qxf5 27. Bd3 Qf4 28.
Kg1 Nc5 29. Bb1 Bxf3 30. Rxf3 Qxc4 31. Qf2 Nd7 32. Kh1 Ne5 33. Rf4 Qc5 34. Qh4
Kg7 35. Rdf1 Rab8 36. Qg5 f6 37. Rxf6 exf6 38. Qxf6+ Kg8 39. Bf5 Qc4 0-1